[Event "Sarajevo-ch"]
[Site "Sarajevo"]
[Date "2019.03.16"]
[Round "5"]
[White "Sitnic, Ahmed"]
[Black "Mrndjic, Muamer"]
[Result "0-1"]
[WhiteElo "1841"]
[BlackElo "2246"]
[PlyCount "172"]
[EventDate "2019.03.12"]
[EventType "tourn"]
[EventRounds "9"]
[EventCountry "BIH"]
[SourceTitle "CBM 189 Extra"]
[Source "ChessBase"]
[SourceDate "2019.06.03"]
[SourceVersion "1"]
[SourceVersionDate "2019.06.03"]
[SourceQuality "1"]

1. d4 Nf6 2. Nf3 g6 3. Bf4 Bg7 4. h3 0-0 5. e3 c5 6. c3 d6 7. Be2 cxd4 8. exd4 Nc6 9. 0-0 b6 10. Qa4 Bb7 11. Ba6 Qc8 12. Bxb7 Qxb7 13. Nbd2 Rfe8 14. Rfe1 Nd5 15. Bg3 b5 16. Qa3 Bf8 17. Qb3 Na5 18. Qc2 Rac8 19. Qe4 Nb6 20. Qh4 Na4 21. Rab1 Qd5 22. Bf4 f6 23. Bh6 g5 24. Qh5 Qf7 25. Qxf7+ Kxf7 26. Bxf8 Kxf8 27. Re3 d5 28. Ne1 e6 29. Nd3 Nc4 30. Re2 Ncxb2 31. Nxb2 Nxc3 32. Ree1 Nxb1 33. Rxb1 Rc2 34. Nb3 e5 35. a4 Rb8 36. Nc5 Ke7 37. Nbd3 Kd6 38. axb5 exd4 39. Na6 Rbc8 40. Nab4 Rd2 41. Kf1 Rc3 42. Ra1 Rdxd3 43. Nxd3 Rxd3 44. Rxa7 Rb3 45. Rxh7 d3 46. Ke1 Rxb5 47. Kd2 Rb2+ 48. Kxd3 Rxf2 49. g4 Ke5 50. Ke3 Ra2 51. Re7+ Kd6 52. Rh7 Ke6 53. Kd4 Ra1 54. Rh8 Rd1+ 55. Ke3 Re1+ 56. Kd3 Ra1 57. Ke3 Ra3+ 58. Kd4 Ra4+ 59. Ke3 Re4+ 60. Kd3 Ra4 61. Ke3 Rb4 62. Rh7 Ke5 63. Re7+ Kd6 64. Rh7 Re4+ 65. Kd3 Re7 66. Rh8 Ke5 67. Ke3 Re6 68. Rh7 Kd6+ 69. Kd4 Re4+ 70. Kd3 Ke5 71. Re7+ Kf4 72. Rf7 Re3+ 73. Kd4 Rxh3 74. Rxf6+ Kxg4 75. Rg6 Rh1 76. Kxd5 Re1 77. Kd4 Kh4 78. Kd3 g4 79. Kd2 Re5 80. Rg8 g3 81. Rh8+ Kg4 82. Rg8+ Kf3 83. Rf8+ Kg2 84. Rf7 Kg1 85. Rf8 g2 86. Rf7 Rh5 0-1